00484nam a2200157Ia 450000500170000000800460001703700120006304000200007504100130009508400210010824500540012924500510018326000490023430000130028365000300029620250508151912.0008 250505s9999 xx 000 0 eng d aTextual aFEDLbengcFEDL aeng2eng a300.7, COMqFEDL 0aConclusions and recommendations of the commission 0cReport of the Commission on the Social Studies aNew York, USAbCharles Scribner's Sonsc1934 axi,168p. aSocial Science - Teaching